000 00542nam a22002057a 4500
001 47103
003 UA-OsUOA
005 20211018212052.0
007 ta
008 20070711b un ||||| |||| 00| 0 ukr d
040 _aUA-OsUOA
_brus
_cUA-OsUOA
_dUA-OsUOA
041 _arus
080 _a7.035(470+571)
090 _a7.035(470+571)
_bО-82
245 _aОтечественная война 1812 года и русское искусство
300 _a115 с.
650 7 _a7 Мистецтво
_2UDC
942 _cBK
_2udc
955 _a2
999 _c333203
_d333203